Robotic engineering : an integrated approach (Record no. 71613)

000 -LEADER
fixed length control field 00536nam a22001817a 4500
003 - CONTROL NUMBER IDENTIFIER
control field NUST - PNEC
005 - DATE AND TIME OF LATEST TRANSACTION
control field 20170116181205.0
008 - FIXED-LENGTH DATA ELEMENTS--GENERAL INFORMATION
fixed length control field 160308b xxu||||| |||| 00| 0 eng d
020 ## - INTERNATIONAL STANDARD BOOK NUMBER
International Standard Book Number 8120308425
040 ## - CATALOGING SOURCE
Transcribing agency LIBRARY
082 ## - DEWEY DECIMAL CLASSIFICATION NUMBER
Classification number 629.892 KLA
100 ## - MAIN ENTRY--PERSONAL NAME
9 (RLIN) 16715
Personal name Klafter, Richard David
245 ## - TITLE STATEMENT
Title Robotic engineering : an integrated approach
Statement of responsibility, etc. Richard D. Klafter
260 ## - PUBLICATION, DISTRIBUTION, ETC.
Place of publication, distribution, etc. New Delhi
Name of publisher, distributor, etc. Prentice Hall of India Private Limited
Date of publication, distribution, etc. c.2001
300 ## - PHYSICAL DESCRIPTION
Extent 744 p. :
650 ## - SUBJECT ADDED ENTRY--TOPICAL TERM
9 (RLIN) 16716
Topical term or geographic name entry element Robotics
General subdivision MS Control
942 ## - ADDED ENTRY ELEMENTS (KOHA)
Source of classification or shelving scheme
Koha item type Book
Holdings
Withdrawn status Lost status Source of classification or shelving scheme Damaged status Not for loan Permanent Location Current Location Shelving location Date acquired Source of acquisition Cost, normal purchase price Total Checkouts Full call number Barcode Date last seen Cost, replacement price Price effective from Koha item type
          Pakistan Navy Engineering College (PNEC) Pakistan Navy Engineering College (PNEC)     Donated 0.00   629.892 KLA PNECLIB-032750 03/08/2016 0.00   Book
© 2023 Central Library, National University of Sciences and Technology. All Rights Reserved.